Normal view
MARC view
- Muslims
Entry Topical Term
001 - CONTROL NUMBER
- control field: 2932
003 - CONTROL NUMBER IDENTIFIER
- control field: OSt
005 - DATE AND TIME OF LATEST TRANSACTION
- control field: 20170509160306.0
008 - FIXED-LENGTH DATA ELEMENTS
- fixed length control field: 170509|| aca||aabn | a|a d
040 ## - CATALOGING SOURCE
- Original cataloging agency: OSt
- Transcribing agency: OSt
150 ## - HEADING--TOPICAL TERM
- Topical term or geographic name entry element: Muslims
- General subdivision: Conduct of life
- Geographic subdivision: China
670 ## - SOURCE DATA FOUND
- Source citation: Work cat.: (OSt)0: Yusuf, Liu Baojun, 1963- 2930, Perkembangan masyarakat China Muslim di dunia, 1999

PORTAL AKMAL
E-MEL JKDM
AKMAL2U
G-BAM
u-PUSTAKA